| 000 | 00718nam a22002297a 4500 | ||
|---|---|---|---|
| 999 |
_c17825 _d17825 |
||
| 003 | AR-CdUCM | ||
| 008 | 190509b ||||| |||| 00| 0 spa d | ||
| 040 |
_aMUNICIPALIDAD PROVINCIAL DEL CUSCO _cBIBLIOTECA MUNICIPAL DEL CUSCO |
||
| 082 |
_a800.7 / _bD69 |
||
| 100 |
_aDíaz Plaja, Guillermo _92681 |
||
| 245 | _a70 Comentarios de textos de la literatura Española Argentina y Americana / | ||
| 260 |
_aBuenos Aires : _bCiordia, _c1964. |
||
| 300 |
_a305 páginas ; _c21 cm. |
||
| 505 | _aContenido : Literatura. | ||
| 650 |
_aLiteratura _983 |
||
| 650 |
_aEspañola _924066 |
||
| 650 |
_aArgentina _9511 |
||
| 650 |
_aAmericana _924541 |
||
| 700 |
_aMazzei, Angel _935624 |
||
| 942 |
_2ddc _cLIBROS |
||
| 945 | _arcc | ||